000 00355nam a2200145Ia 4500
008 220216s9999 xx 000 0 und d
100 _aPhilip S
245 0 _aCorynespora ila rogavum nivarana maargangalum
260 _bRubber
_c2018
300 _a10-Jun
650 _aCorynespora
650 _aDisease control
650 _aLeaf disease
942 _cBS
999 _c50233
_d50233